000 00260 a2200109 4500
001 58523
082 _a515 ANT
090 _c35895
_d35895
100 _aAnton Howard
245 _aCalculus with Analytic Geometry
260 _aNew york
_bJohn Wiley and Sons
_c1988
942 _aNUST-CAE
_k515 ANT
999 _c293596
_d293596